Planet oil. Programme 2, The carbon wars /

This is the rollercoaster story of global energy security, and we are at its critical juncture. Around the world, oil and gas fields are either running dry or have become politically or environmentally toxic. For all the talk of renewables and nuclear, no one is in any doubt that the human race will...

Full description

Bibliographic Details
Other Authors: Leven, Russell, 1974- (Director, Producer)
Format: Video
Language:English
Language Notes:In English.
Published: London, England : BBC Worldwide, 2015.
Series:Academic Video Online
Subjects:
Online Access:Connect to this streaming video (Alexander Street Press)

MARC

Tag First Indicator Second Indicator Subfields
LEADER 00000cgm a2200000Mi 4500
001 in00005541982
006 m o c
007 cr |n||||||||a
007 vz |za|z|
008 190226s2015 enk050 e o vueng d
005 20241201225909.6
035 |a (OCoLC)on1096472211 
040 |a ALSTP  |b eng  |e rda  |c ALSTP  |d OCLCO  |d STF  |d OCLCO  |d OCLCF  |d OCLCO  |d OCLCL  |d OCLCQ  |d DXU 
019 |a 1373509221  |a 1444002768 
035 |a (OCoLC)1096472211  |z (OCoLC)1373509221  |z (OCoLC)1444002768 
049 |a TXAM 
245 0 0 |a Planet oil.  |n Programme 2,  |p The carbon wars /  |c producer/director, Russell Leven ; BBC Scotland. 
246 3 3 |a Planet oil.  |n Episode 2 
264 1 |a London, England :  |b BBC Worldwide,  |c 2015. 
300 |a 1 online resource (50 minutes) 
306 |a 005027 
336 |a two-dimensional moving image  |b tdi  |2 rdacontent 
337 |a computer  |b c  |2 rdamedia 
337 |a video  |b v  |2 rdamedia 
338 |a online resource  |b cr  |2 rdacarrier 
347 |a video file  |2 rda 
490 0 |a Academic Video Online 
500 |a Title from resource description page (viewed February 26, 2019). 
520 |a This is the rollercoaster story of global energy security, and we are at its critical juncture. Around the world, oil and gas fields are either running dry or have become politically or environmentally toxic. For all the talk of renewables and nuclear, no one is in any doubt that the human race will continue to rely on fossil fuels for the foreseeable future. But how long can Earth's resources sustain life as we know it? Travelling to many oil and gas producing territories around the world, Planet Oil traces how humans have developed fuels and how geology, technology, politics and commercial pressures have affected and driven the world’s insatiable consumption. Timely and groundbreaking, it also asks what will be the cost of our continued addiction to these fuels, and can the human race ever end its dependence on oil? 
546 |a In English. 
650 0 |a Coal  |x History. 
650 0 |a Fertilizers  |x History. 
650 0 |a Plastics  |x History. 
650 0 |a Petroleum industry and trade  |x History. 
650 0 |a Petroleum industry and trade  |x Political aspects. 
650 0 |a Petroleum  |x History. 
650 6 |a Charbon  |x Histoire. 
650 6 |a Engrais et amendements  |x Histoire. 
650 6 |a Matières plastiques  |x Histoire. 
650 6 |a Pétrole  |x Industrie et commerce  |x Histoire. 
650 6 |a Pétrole  |x Industrie et commerce  |x Aspect politique. 
650 6 |a Pétrole  |x Histoire. 
650 7 |a Coal.  |2 fast  |0 (OCoLC)fst00865087 
650 7 |a Fertilizers.  |2 fast  |0 (OCoLC)fst00923266 
650 7 |a Petroleum.  |2 fast  |0 (OCoLC)fst01059260 
650 7 |a Petroleum industry and trade.  |2 fast  |0 (OCoLC)fst01059546 
650 7 |a Petroleum industry and trade  |x Political aspects.  |2 fast  |0 (OCoLC)fst01059632 
650 7 |a Plastics.  |2 fast  |0 (OCoLC)fst01066542 
655 7 |a Educational television programs.  |2 fast  |0 (OCoLC)fst01726149 
655 7 |a Environmental television programs.  |2 fast  |0 (OCoLC)fst01774266 
655 7 |a History.  |2 fast  |0 (OCoLC)fst01411628 
655 7 |a Television mini-series.  |2 fast  |0 (OCoLC)fst01726179 
655 7 |a Educational television programs.  |2 lcgft 
655 7 |a Environmental television programs.  |2 lcgft 
655 7 |a Television mini-series.  |2 lcgft 
655 7 |a Émissions éducatives télévisées.  |2 rvmgf 
655 7 |a Miniséries.  |2 rvmgf 
700 1 |a Leven, Russell,  |d 1974-  |e director,  |e producer.  |1 https://id.oclc.org/worldcat/entity/E39PCjBXQFxBrjf8JXJwWRPt4y 
710 2 |a BBC Worldwide Learning,  |e film distributor. 
710 2 |a British Broadcasting Corporation,  |e production company. 
758 |i has work:  |a Programme 2 Planet oil The carbon wars (MovingImage)  |1 https://id.oclc.org/worldcat/entity/E39PCGXG8BXbkpHRDm6pvTkvBK  |4 https://id.oclc.org/worldcat/ontology/hasWork 
856 4 0 |u http://proxy.library.tamu.edu/login?url=https://www.aspresolver.com/aspresolver.asp?MARC;4035572  |z Connect to this streaming video (Alexander Street Press)  |t 0 
955 |a Alexander Street Press subscription streaming video 
994 |a 92  |b TXA 
999 f f |s 729e06d6-3bc8-4433-b5d4-b036f62474ae  |i f503cdad-0c5d-418a-a84b-a7e1f76f38f9  |t 0 
952 f f |a Texas A&M University  |b College Station  |c Electronic Resources  |d Available Online  |t 0  |h Library of Congress classification 
998 f f |t 0  |l Available Online